000 00706nam a2200265Ia 4500
005 20260302115705.0
008 008 260114s9999 xx 000 0 eng d
020 _a9781666985313
037 _aTextbook
040 _aCRL
040 _beng
040 _cCRL
041 _2eng
041 _aeng
084 _qCRL
100 _aPhilip Cowan
_91122355
245 0 _aAuthorship and Aesthetics in the Cinematography of Gregg Toland
260 _bBloomsbury
260 _bLexington Books
260 _c2022
650 _aJournalism & mass Comm
856 _uhttps://doi.org/10.5040/9781666985313?locatt=label:secondary_bloomsburyCollections
942 _cEBOOK
999 _c1687129
_d1687129